Von Hans Kohlhase zum Michael Kohlhaas/ (Titelsatznr. 80572)
[ MARC ]
| 000 -Satzkennung | |
|---|---|
| Kontrollfeld mit fester Länge | 00757nam a2200205 4500 |
| 008 - Feld mit fester Länge zur physischen Beschreibung - Allgemeine Angaben | |
| Kontrollfeld mit fester Länge | 201207b ||||| |||| 00| 0 eng d |
| 040 ## - Katalogisierungsquelle | |
| Katalogisierungssprache | ger |
| Übertragungsstelle | STAFF |
| Beschreibungsfestlegungen | rda |
| Original-Katalogisierungsstelle | STAFF |
| 041 ## - Sprachcode | |
| Sprachcode des Textes/der Tonspur oder des separaten Titels | ger |
| 100 ## - Person oder Familie als 1. geistiger Schöpfer | |
| Personenname | Rehfeld, Hans-Jürgen |
| 245 ## - Titel | |
| Haupttitel | Von Hans Kohlhase zum Michael Kohlhaas/ |
| Verantwortlichkeitsangabe | Hans-Jürgen Rehfeld |
| 490 ## - Gesamttitelangabe | |
| Haupttitel der Reihe/Unterreihe | Die Mark Brandenburg |
| Zählung | Heft 119: Rebellion und Revolution |
| 600 ## - Nebeneintragung unter einem Schlagwort - Personenname | |
| Personenname | Kohlhase, Hans |
| Datumsangaben in Verbindung mit einem Namen | (um 1500-1540) |
| 600 ## - Nebeneintragung unter einem Schlagwort - Personenname | |
| Personenname | Kleist, Heinrich von |
| Datumsangaben in Verbindung mit einem Namen | (1777-1811) |
| 653 ## - Lokales Schlagwort | |
| Nicht-normierter Term | Michael Kohlhaas <Novelle, Kleist, Heinrich von> |
| 773 ## - Übergeordnete Einheit | |
| Ort, Verlag und Erscheinungsjahr | Berlin: Die Mark Brandenburg - Verlag für Regional- und Zeitgeschichte |
| Verknüpfungsangaben | (2020) Heft 119, S.20-25: Abb. |
| Titel | Die Mark Brandenburg |
| 942 ## - Zusätzliche Felder (Koha) | |
| Koha-Medientyp | Aufsätze |
| Ausgeschieden | Verloren | Beschädigt | Nicht entleihbar | Permanenter Standort | Aktueller Standort | Aufstellungsort | Eingabedatum | Jahrgang/Heft | Anzahl Ausleihen | Signatur | Letzte Aktivität | Preis gültig von | Medientyp |
|---|---|---|---|---|---|---|---|---|---|---|---|---|---|
| Stadtarchiv Frankfurt (Oder) | Archivbibliothek | Stadtarchiv Frankfurt (Oder) | Archivbibliothek | Lesesaal | 14/01/2021 | 119/2020 | Bb1 101 | 14/01/2021 | 14/01/2021 | Aufsätze |